Language Quiz

Random Language or Book Quiz
Score 0/15 Timer 03:00
0 Plays Today
% Correct
James and the Giant Peach
95.8%
The Enormous Crocodile
95.1%
The Magic Finger
95.1%
Charlie and the Chocolate Factory
94.4%
The Giraffe and the Pelly and Me
94.4%
My Uncle Oswald
94.4%
George's Marvelous Medicine
93.7%
Danny, the Champion of the World
93.7%
% Correct
Esio Trot
93%
The Vicar of Nibbleswicke
92.3%
Charlie and the Great Glass Elevator
91.5%
The Twits
88.7%
The Witches
88%
Fantastic Mr. Fox
81%
The BFG
78.9%
Remove Ads.
Support Sporcle.
Get the best of Sporcle when you Go Orange. This ad-free experience offers more features, more stats, and more fun while also helping to support Sporcle. Thank you for becoming a member.

You're not logged in!

Compare scores with friends on all Sporcle quizzes.
OR
Log In

Sporcle TV

Today on Sporcle TV


Watch our educational content, quiz creation guides, and fun videos on Sporcle TV.

Show Comments

Extras

Top Quizzes Today


Score Distribution

Paid Content

Your Account Isn't Verified!

In order to create a playlist on Sporcle, you need to verify the email address you used during registration. Go to your Sporcle Settings to finish the process.

Report this User

Report this user for behavior that violates our Community Guidelines.

Details: